000 00378nam a22001577a 4500
003 OSt
005 20240312123646.0
008 171117b xxu||||| |||| 00| 0 eng d
020 _a9780070248878
040 _cSEROSOFT
100 _aRAMACHANDRAN K
245 _aENTREPRENEURSHIP DEVELOPMENT
260 _aNEW DELHI
_bTATA MC GRA HILL
_c2013
300 _a257
942 _2ddc
_c01
999 _c40894
_d40894